| 000 | 01852nam0a2200361 4500 | ||
|---|---|---|---|
| 001 | RU\NLR\BIBL_A\011599545 | ||
| 005 | 20260406000717.0 | ||
| 010 |
_a9785000264225 _9150 |
||
| 021 |
_aRU _b2017-99754 _97189 |
||
| 035 | _a(RuMoRGB)009498534 | ||
| 035 | _a(NLR Aleph) 011599545 | ||
| 090 |
_a10880842 _c10880842 |
||
| 100 | _a20180122d2017 u y0rusy50 ca | ||
| 101 | 0 | _arus | |
| 102 | _aRU | ||
| 105 | _aa|||j|||000zy | ||
| 200 | 1 |
_aЭлементарная геометрия в пространствах над алгебрами _e[учебное пособие _eдля студентов, аспирантов и преподавателей математических специальностей университетов] _fН.И. Гусева, И.М. Бурлаков, М.П. Бурлаков |
|
| 210 |
_aМосква _cИнтеллект-Центр _d2017 |
||
| 215 |
_a223 с. _cил. _d20 |
||
| 320 | _aБиблиогр. в подстроч. | ||
| 606 |
_aПространства над алгебрами _jУчебные издания для высших учебных заведений _9928603 _3RU\NLR\AUTH\6622941 |
||
| 606 |
_aКомплексные пространства _jУчебные издания для высших учебных заведений _92364523 _3RU\NLR\AUTH\6601633906 |
||
| 686 |
_aВ181.22,0 _2rubbk |
||
| 686 |
_aВ181.11,0 _2rubbk |
||
| 686 | 1 | _aВ181.222.23я73-1 | |
| 686 | 1 | _aВ161.522я73-1 | |
| 700 | 1 |
_7ca _8rus _aГусева _bН. И. _cканд. физ.-мат. наук _gНадежда Ивановна _993186 _3RU\NLR\AUTH\77110261 |
|
| 701 | 1 |
_aБурлаков _bИ. М. _gИгорь Михайлович |
|
| 701 | 1 |
_aБурлаков _bМ. П. _gМихаил Петрович |
|
| 942 | _cBOOK | ||
| 980 | _aNBR | ||